000 03232cam a22001934a 4500
005 20250605164240.0
008 250528s ||||||||||||||||||||||||d
035 _a21293
020 _a9789606748912
040 _aGR-AtMCL
_bgre
_dGR-AtMCL
_eAACR2
245 1 _aΔιαπολιτισμική Εκπαίδευση στο Ελληνικό Σχολείο / Πολυτισμικότητα και Διαπολιτισμική Εκπαίδευση - Η Διαπολιτισμική Διάσταση του Ολοήμερου Σχολείου - Διαπολιτισμικός Διάλογος και Διαπολιτισμική Επικοινωνία - Ο Διαπολιτισμικός Ρόλος του Εκπαιδευτικού
260 _bΤαξιδευτής,
_c2011
300 _a240
520 _aΣτο παρόν βιβλίο η Διαπολιτισμική Εκπαίδευση γίνεται αντιληπτή ως μια αρχή που πρέπει να διαπερνά το σύνολο του σχολικού προγράμματος, αλλά και ως στόχος για δράση προς την κατεύθυνση της ισότητας των ευκαιριών στην εκπαίδευση και την κοινωνία. Εισαγωγή, Διαπολιτσμική Αγωγή και Εκπαίδευση (Εννοιολογικές Αποσαφηνίσεις), Μετανάστευση - Πολυπολιτισμικότητα και Διαπολιτισμική Εκπαίδευση, Διαπολιτσμική Αγωγή και Γλωσσική Στήριξη των Παλιννοστούντων και Αλλοδαπών Μαθητών στο Ελληνικό Σχολείο, Διαπολιτσμική Συμβουλευτική και Φύλο - Ανιχνεύοντας Πτυχές της/ του Διαπολιτισμικού Συμβούλου, Διαπολιτσμική Συμβουλευτική Διαδικασία και Εκπαιδευτικός, Ο Διαπολιτισμικός Διάλογος: Μια Εναλλακτική Πρόταση με Βάση τον Εποικοδομισμό (Κονστρουκτιβισμός), Διαπολιτισμική Εκπαίδευση και Τοπική Αυτοδιοίκηση, Ο Ρόλος του Σχολικού Συμβούλου στις Διαπολιτισμικές Παρεμβάσεις στο Χώρο του Βιβλίου, Διδακτικές Προσεγγίσεις για την Ενίσχυση της Διαπολιτισμικής Επικοινωνίας στο Σχολείο, Φύλο και Διαπολιτισμικότητα στο Ολοήμερο Δημοτικό Σχολείο, Η Διαπολιτισμικότητα Αφορά το Ολοήμερο Σχολείο: Οι Απόψεις των Εκπαιδευτικών της Πρωτοβάθμιας Εκπαίδευσης, Προτάσεις για τη Διαμόρφωση της Εκπαιδευτικής Πολιτικής για τη Διαπολιτισμική Αγωγή στην Ελλάδα, Βιβλιογραφία.
700 1 _aΠαπαχρήστος Κώστας
_97339
942 _cBK
999 _c6358
_d6358